00715nam a2200241 a 4500001001300000003000900013005001700022008004100039020001000080082001600090100002000106245004100126260005800167300000800225500003500233505001000268650002900278700002000307902000800327942000700335952011600342999001500458nice12345678IN_TiNIC20260116012038.0050524s1961 lona grp 000 0 eng  ac10000a221.07bMIC aMichaeli, Frank aHow to Understand the Old Testament. aLondonbUnited Society for Christian Literaturec1961 a47p aincludes index and biblioraphy2 aIndex aBible-Study and Teaching1 aMichaeli, Frank bSRS cBK 001040708StackRoom-aHMIbHMId2007-06-18g100.00l0o221.07 MICp05730r2007-06-18v100.00w2005-05-24yBK c5409d5409